000 00390nam a2200157Ia 4500
005 20250429155703.0
008 231217s9999 xx 000 0 und d
020 _a9780895884848
082 _a001.6424DBA SIM2;1 R
100 _aSimpson, Alan.
245 0 _aDbase instant reference
260 _c1998
_bDynaram Publ.
_aBangalore
300 _aviii+472
650 _aaaa
942 _cAA
999 _c182713
_d182713